Statistics for Microsoft Flight Simulator Aircraft Quiz with Pictures

Click here to take the quiz!

General Stats

  • This quiz has been taken 26 times
  • The average score is 9 of 43

Answer Stats

Answer% Correct
Airbus A320neo
76%
Airbus A310
62%
Cessna 172 Skyhawk/(G1000)
57%
Boeing 747-8
52%
Boeing 787-10 Dreamliner
43%
Cessna 152
43%
Ryan NYP "Spirit of St. Louis"
43%
Wright Flyer
38%
Boeing F/A-18E Super Hornet
33%
Cessna C208B Grand Caravan
29%
Beechcraft Bonanza G36
24%
Grumman G-21A Goose
24%
Volocopter VoloCity
24%
Beechcraft King Air 350i
19%
Bell 407
19%
Cessna 152 Aerobat
19%
Cessna Citation CJ4
19%
Cirrus SR22
19%
Hughes H-4 Hercules "Spruce Goose"
19%
ICON A5
19%
Aviatt Pitts Special S-1/S-2S
14%
Cessna Citation Longitude
14%
Daher TBM 930
14%
Diamond DA62
14%
Diamond DV20
14%
EXTRA 330LT
14%
Pipistrel Virus SW 121
14%
Beechcraft Baron G58
10%
CubCrafters X Cub
10%
Curtiss JN-4 Jenny
10%
de Havilland Canada DHC-2 Beaver
10%
DG Flugzeugbau DG-1001e neo
10%
Diamond DA40 NG
10%
Diamond DA40 TDI
10%
Flight Design CTSL
10%
Guimbal Cabri G2
10%
Pilatus PC-6 Porter
10%
Robin CAP 10
10%
Robin DR400-100 Cadet
10%
Zlin Savage Cub
10%
Zlin Shock Ultra
10%
DG Flugzeugbau LS8-18
5%
JMB VL-3
5%

Score Distribution

Percentile by Number Answered

Percent of People with Each Score

Your Score History

You have not taken this quiz